[Event "C.to Regionale Sardegna"]
[Site "Sardara ITA"]
[Date "2010.04.18"]
[Round "4"]
[White "Paulesu, Sebastiano"]
[Black "Mallo', Danilo"]
[Result "1-0"]
[WhiteElo "1934"]
[BlackElo "1797"]
[PlyCount "115"]
[EventDate "2010.04.17"]

1. e4 c5 2. b4 cxb4 3. a3 Nc6 4. axb4 d6 5. b5 Nb8 6. Nf3 Nf6 7. Nc3 Nbd7 8. d4
Qc7 9. Bb2 g6 10. Be2 Bg7 11. O-O O-O 12. Re1 e6 13. Bd3 Nb6 14. Qe2 Nh5 15. g3
Bd7 16. Nd1 Rfc8 17. Ne3 Be8 18. c4 Nd7 19. Rec1 Qd8 20. Ba3 e5 21. Bxd6 exd4
22. Nd5 Bf8 23. Bxf8 Kxf8 24. Qb2 Ng7 25. Qxd4 Nc5 26. Qc3 Qd7 27. Bf1 Nxe4 28.
Qb4+ Qd6 29. Qxd6+ Nxd6 30. Nf6 h6 31. Ne5 Ne6 32. Bh3 Kg7 33. Nd5 f5 34. Bf1
Nc5 35. Ra3 Bf7 36. Nxf7 Nxf7 37. Re1 Nd7 38. Re7 Nde5 39. Ra4 Kf8 40. Rxb7
Nf3+ 41. Kg2 Ne1+ 42. Kh1 Ne5 43. Nc7 Rab8 44. Raxa7 Rxb7 45. Rxb7 Ng4 46. f4
Nf2+ 47. Kg1 Ng4 48. Be2 Nf6 49. Ra7 Nc2 50. b6 Nd7 51. Nd5 Ke8 52. b7 Rb8 53.
Nc7+ Kd8 54. Na6 Nd4 55. Bd1 Nc6 56. Ra8 g5 57. Ba4 Nb6 58. Bxc6 1-0

[Event "C.to Regionale Sardegna"]
[Site "Sardara ITA"]
[Date "2010.04.18"]
[Round "4"]
[White "Peru, Mario"]
[Black "Erriu, Giampiero"]
[Result "0-1"]
[WhiteElo "1659"]
[BlackElo "1777"]
[PlyCount "31"]
[EventDate "2010.04.17"]

1. e4 e6 2. d4 d5 3. e5 c5 4. c3 cxd4 5. cxd4 Nc6 6. Nf3 Qb6 7. Nc3 Bb4 8. Bd3
Nxd4 9. Nxd4 Bd7 10. Be3 Ne7 11. O-O Bc5 12. Nce2 Ng6 13. Bxg6 hxg6 14. Qb3 Qc7
15. Nb5 Qxe5 16. Bxc5 0-1

[Event "C.to Regionale Sardegna"]
[Site "Sardara ITA"]
[Date "2010.04.18"]
[Round "4"]
[White "Puzzoni, Christian"]
[Black "Maldarelli, Lorenzo"]
[Result "1-0"]
[WhiteElo "2112"]
[BlackElo "1800"]
[PlyCount "125"]
[EventDate "2010.04.17"]

1. e4 c5 2. a3 Nc6 3. Nf3 d6 4. Bc4 e6 5. Ba2 Nf6 6. Qe2 Qc7 7. O-O Be7 8. c3
e5 9. h3 h6 10. d4 cxd4 11. cxd4 exd4 12. Bf4 O-O 13. Nbd2 Be6 14. b4 Bxa2 15.
Rxa2 Ne5 16. Nxd4 Rfc8 17. Rc2 Qd7 18. Rfc1 Rxc2 19. Rxc2 Rc8 20. N2b3 Rxc2 21.
Qxc2 b5 22. Nf5 Bf8 23. Na5 Qe6 24. Nd4 Qd7 25. f3 Ng6 26. Bg3 Nh5 27. Bf2 d5
28. Qc6 Qxc6 29. Naxc6 dxe4 30. Nxa7 exf3 31. Nxf3 Nhf4 32. Nxb5 Nd3 33. Bd4
Ngf4 34. Kf1 f6 35. Nd2 Kf7 36. Nc4 Ke6 37. Nc3 Nd5 38. Ne3 Nxe3+ 39. Bxe3 f5
40. Ke2 Nb2 41. Bc1 Nc4 42. Kd3 Ne5+ 43. Kc2 g5 44. b5 g4 45. h4 h5 46. Ne2 Ng6
47. g3 Bd6 48. b6 Kd7 49. a4 f4 50. Bxf4 Bxf4 51. gxf4 Nxh4 52. Ng3 Nf3 53.
Nxh5 Nd4+ 54. Kd3 Nf5 55. Ke4 Nd6+ 56. Kd5 Ne8 57. f5 Kc8 58. Kc6 Ng7 59. b7+
Kb8 60. Nxg7 g3 61. Ne8 g2 62. Nc7 Ka7 63. Na6 1-0

[Event "C.to Regionale Sardegna"]
[Site "Sardara ITA"]
[Date "2010.04.24"]
[Round "5"]
[White "Caglio, Luigi"]
[Black "Locci, Damiano"]
[Result "0-1"]
[WhiteElo "2007"]
[BlackElo "2130"]
[PlyCount "74"]
[EventDate "2010.04.17"]

1. e4 e6 2. d4 d5 3. Nd2 Be7 4. c3 c5 5. dxc5 Bxc5 6. Nb3 Bb6 7. e5 Nc6 8. Qh5
Qc7 9. f4 Nge7 10. Bd3 Bd7 11. Bd2 a5 12. Rc1 a4 13. Nd4 Bxd4 14. cxd4 Qb6 15.
Nf3 Nxd4 16. Ng5 g6 17. Qh6 Ndf5 18. Qh3 h6 19. g4 Ng7 20. Qh4 Ng8 21. Rf1 Rc8
22. Rxc8+ Bxc8 23. Ke2 Bd7 24. Rc1 Bc6 25. Rc2 h5 26. h3 Rh6 27. Nxf7 Kxf7 28.
f5 Qd4 29. Qg3 exf5 30. Be3 Qb4 31. Bc5 Qa5 32. g5 Rh8 33. Qf2 Bb5 34. Qd4 Ne6
35. Qxd5 Ne7 36. Bxe7 Bxd3+ 37. Qxd3 Nf4+ 0-1

[Event "C.to Regionale Sardegna"]
[Site "Sardara ITA"]
[Date "2010.04.24"]
[Round "5"]
[White "Cherchi, Marco"]
[Black "Dessy, Eugenio"]
[Result "1-0"]
[WhiteElo "1807"]
[BlackElo "1661"]
[PlyCount "53"]
[EventDate "2010.04.17"]

1. e4 e5 2. Nf3 Nc6 3. Bb5 a6 4. Ba4 Nf6 5. O-O b5 6. Bb3 Bb7 7. d3 Bc5 8. c3
O-O 9. Bg5 Be7 10. Re1 d6 11. Nbd2 Nd7 12. Be3 Na5 13. Bc2 c5 14. d4 cxd4 15.
cxd4 Nf6 16. dxe5 dxe5 17. Nxe5 Qc7 18. Nef3 Rad8 19. Rc1 Nc4 20. Bb1 Nxe4 21.
Qc2 f5 22. b3 Nexd2 23. Nxd2 f4 24. Qxh7+ Kf7 25. Qh5+ Kg8 26. Bh7+ Kh8 27.
Bg6+ 1-0

[Event "C.to Regionale Sardegna"]
[Site "Sardara ITA"]
[Date "2010.04.24"]
[Round "5"]
[White "Erriu, Giampiero"]
[Black "Palmieri, Roberto"]
[Result "0-1"]
[WhiteElo "1777"]
[BlackElo "1868"]
[PlyCount "110"]
[EventDate "2010.04.17"]

1. d4 d5 2. Nf3 Nf6 3. c4 e6 4. Nc3 c6 5. Bg5 Be7 6. e3 O-O 7. cxd5 exd5 8. Bd3
Re8 9. O-O Nbd7 10. Qc2 h6 11. Bh4 Nf8 12. Rae1 Ne4 13. Bxe7 Qxe7 14. Ne5 f6
15. Nxe4 fxe5 16. Ng3 e4 17. Be2 Qg5 18. Qb3 Kh8 19. f3 exf3 20. Bxf3 b6 21. e4
Ba6 22. Rf2 Ne6 23. Nf5 Bc4 24. Qa3 Nf4 25. Nd6 Nh3+ 26. Kh1 Nxf2+ 27. Kg1 Rf8
28. Nxc4 Nxe4 29. Bxe4 dxe4 30. Ne5 c5 31. h4 Qf5 32. Qg3 Rf6 33. dxc5 bxc5 34.
Rd1 Re8 35. Rd7 g6 36. Rd5 Rfe6 37. Qe3 Rxe5 38. Qxh6+ Kg8 39. Rd6 R5e6 40. Rd7
R6e7 41. Rd6 Rg7 42. Qe3 Rf8 43. Rc6 c4 44. Qe2 Rgf7 45. Rxc4 Qf1+ 46. Qxf1
Rxf1+ 47. Kh2 e3 48. Re4 Re1 49. Kg3 e2 50. Kg4 Kg7 51. Re7+ Kh6 52. h5 Rf2 53.
hxg6 Rxg2+ 54. Kf3 Rxg6 55. Rxe2 Rf6+ 0-1

[Event "C.to Regionale Sardegna"]
[Site "Sardara ITA"]
[Date "2010.04.24"]
[Round "5"]
[White "Maldarelli, Lorenzo"]
[Black "Deruda, Leonardo"]
[Result "0-1"]
[WhiteElo "1800"]
[BlackElo "1876"]
[PlyCount "100"]
[EventDate "2010.04.17"]

1. d4 Nf6 2. Nf3 g6 3. Nc3 Bg7 4. Bg5 h6 5. Bxf6 Bxf6 6. Nd5 Bg7 7. e4 c6 8.
Ne3 Qb6 9. Nc4 Qc7 10. c3 d5 11. exd5 cxd5 12. Nce5 Nd7 13. Nd3 O-O 14. Qb3 Nb6
15. Nde5 Bf5 16. h4 f6 17. Nd3 e5 18. Nc5 e4 19. Nh2 e3 20. g3 exf2+ 21. Kxf2
g5 22. Bg2 Rad8 23. Rae1 gxh4 24. gxh4 Qf4+ 25. Nf3 Rf7 26. Ne6 Bxe6 27. Rxe6
Bf8 28. Qc2 Rg7 29. Rhe1 Nc4 30. Kg1 Nd6 31. Qe2 Ne4 32. Rxe4 dxe4 33. Qxe4 Qg3
34. Re2 Kh8 35. Qf5 Re8 36. Rf2 Qg6 37. Qxg6 Rxg6 38. h5 Rg4 39. Kf1 Bd6 40.
Nd2 Bg3 41. Re2 Rf4+ 42. Bf3 Rxe2 43. Kxe2 b6 44. Ne4 Bh4 45. Ke3 Bg5 46. Ke2
Kg7 47. d5 Kf8 48. Nd6 Rh4 49. Nb5 Rh2+ 50. Kd3 Rxb2 0-1

[Event "C.to Regionale Sardegna"]
[Site "Sardara ITA"]
[Date "2010.04.24"]
[Round "5"]
[White "Mallo', Danilo"]
[Black "Palmas, Alessandro"]
[Result "1-0"]
[WhiteElo "1797"]
[BlackElo "1855"]
[PlyCount "115"]
[EventDate "2010.04.17"]

1. e4 e6 2. d4 d5 3. exd5 exd5 4. Nf3 Bd6 5. Bd3 Nf6 6. Bg5 O-O 7. O-O Bg4 8.
Nbd2 Nbd7 9. c3 h6 10. Bh4 Bf4 11. Qc2 g5 12. Bg3 Bxg3 13. fxg3 Re8 14. Rae1 c5
15. Bf5 cxd4 16. Nxd4 Qb6 17. Kh1 Rac8 18. N2f3 Bxf5 19. Nxf5 Ne4 20. N3d4 Ne5
21. Qe2 Qg6 22. Qb5 Rcd8 23. Qxb7 Nd3 24. Ne7+ Rxe7 25. Qxe7 Rb8 26. Re2 Ndf2+
27. Kg1 Ng4 28. Nf5 Qb6+ 29. Nd4 Qg6 30. Qc7 Re8 31. Nf5 Kh8 32. h3 Ngf6 33.
Qxa7 Nh5 34. Qd4+ Nhf6 35. a4 Ra8 36. Ra1 Qxf5 37. a5 Qd7 38. Rxe4 dxe4 39.
Qxf6+ Kh7 40. Qd4 Qb7 41. c4 Ra6 42. c5 Re6 43. a6 Qa7 44. Qe3 f5 45. b4 Rxa6
46. Rxa6 Qxa6 47. Qd4 Qa4 48. g4 Kg6 49. Qd6+ Kf7 50. gxf5 Qxb4 51. Qe6+ Kf8
52. Qxh6+ Ke8 53. Qg6+ Kf8 54. Qd6+ Kg8 55. f6 Qb1+ 56. Kh2 Qd3 57. Qe6+ Kh8
58. Qe7 1-0

[Event "C.to Regionale Sardegna"]
[Site "Sardara ITA"]
[Date "2010.04.24"]
[Round "5"]
[White "Marano, Daniele"]
[Black "Galluzzi, Marco"]
[Result "1-0"]
[WhiteElo "1696"]
[BlackElo "1374"]
[PlyCount "85"]
[EventDate "2010.04.17"]

1. e4 e5 2. Bc4 d6 3. Nf3 h6 4. d4 Nd7 5. c3 Ngf6 6. Nbd2 c6 7. Bb3 Qa5 8. Nc4
Qc7 9. Bc2 b6 10. O-O Ba6 11. Bd3 Nxe4 12. Bxe4 d5 13. Nfxe5 Nxe5 14. Bf4 dxe4
15. Bxe5 Qd7 16. Qe2 Qd5 17. Nd6+ Qxd6 18. Qxa6 Qd7 19. Rfe1 f6 20. Bg3 Be7 21.
Rxe4 O-O 22. Rae1 Rae8 23. Qc4+ Rf7 24. Re6 b5 25. Qxc6 Qxc6 26. Rxc6 Rff8 27.
Rce6 Kf7 28. d5 a5 29. d6 Bxd6 30. Rxe8 Rxe8 31. Rxe8 Bxg3 32. Ra8 Bd6 33. Rxa5
b4 34. cxb4 Bxb4 35. Rb5 Bd6 36. a4 Ke7 37. a5 Kd8 38. Rd5 Kc7 39. Rxd6 Kxd6
40. Kf1 Kc6 41. Ke2 Kb5 42. b4 Kxb4 43. a6 1-0

[Event "C.to Regionale Sardegna"]
[Site "Sardara ITA"]
[Date "2010.04.24"]
[Round "5"]
[White "Murgia, Elio"]
[Black "Setzu, Francesco"]
[Result "1-0"]
[WhiteElo "1503"]
[BlackElo "1760"]
[PlyCount "99"]
[EventDate "2010.04.17"]

1. d4 d6 2. c4 Nf6 3. Nc3 c6 4. Bg5 Qa5 5. Bxf6 gxf6 6. e3 Bf5 7. Bd3 Bg6 8.
Nge2 e5 9. d5 Nd7 10. O-O f5 11. Qb1 e4 12. Bc2 Bg7 13. f4 Qc5 14. Qc1 Qxc4 15.
Bb3 Qa6 16. Qd2 c5 17. Ba4 Qb6 18. Rab1 a6 19. a3 Qc7 20. Bxd7+ Qxd7 21. b4 b6
22. Rfc1 O-O 23. Qd1 Rfc8 24. Na4 Rcb8 25. bxc5 bxc5 26. Nb6 Qa7 27. Nxa8 Qxa8
28. Rxb8+ Qxb8 29. Rb1 Qc7 30. Qa4 Bh5 31. Ng3 Bg6 32. Qxa6 h6 33. h4 c4 34. h5
Bh7 35. Rb7 Qc5 36. Rb8+ Bf8 37. Qa8 Qxe3+ 38. Kh2 Qxf4 39. Rxf8+ Kg7 40. Qe8
Qh4+ 41. Kg1 Qf6 42. Rh8 Qd4+ 43. Kh2 Qxd5 44. Qf8+ Kf6 45. Rxh7 Ke5 46. Rxf7
Kd4 47. Rxf5 Qc6 48. Qxh6 c3 49. Qc1 c2 50. Qd2+ 1-0

[Event "C.to Regionale Sardegna"]
[Site "Sardara ITA"]
[Date "2010.04.24"]
[Round "5"]
[White "Murtas, Gianvito"]
[Black "Altea, Giovanni"]
[Result "0-1"]
[WhiteElo "1781"]
[BlackElo "1839"]
[PlyCount "58"]
[EventDate "2010.04.17"]

1. e4 c5 2. Nf3 e6 3. d4 cxd4 4. Nxd4 a6 5. Nc3 Qc7 6. Bd3 Nf6 7. O-O b5 8. a3
Bb7 9. Bg5 Be7 10. Re1 d6 11. Qd2 Nbd7 12. Rad1 O-O 13. Re3 Qc5 14. e5 dxe5 15.
Nb3 Qc7 16. Rg3 Rfd8 17. Qe2 Nf8 18. Nd2 Rd4 19. Bxf6 Bxf6 20. Nde4 Bd8 21. Qg4
f5 22. Qh5 fxe4 23. Bxe4 Rxe4 24. Nxe4 Bxe4 25. Re3 Bd5 26. Rc3 Qf7 27. Qe2 Ba5
28. b4 Bb6 29. Qxe5 Qxf2+ 0-1

[Event "C.to Regionale Sardegna"]
[Site "Sardara ITA"]
[Date "2010.04.24"]
[Round "5"]
[White "Murtas, Paolo"]
[Black "Massa, Gianluca"]
[Result "1/2-1/2"]
[WhiteElo "1443"]
[BlackElo "1709"]
[PlyCount "48"]
[EventDate "2010.04.17"]

1. d4 d5 2. c4 e6 3. Nc3 Nf6 4. Bg5 Be7 5. e3 O-O 6. Bd3 h6 7. Bh4 b6 8. Nf3
dxc4 9. Bxc4 Bb7 10. O-O Nbd7 11. Bd3 c5 12. Rc1 Rc8 13. b3 cxd4 14. Nxd4 Nc5
15. Be2 Nd5 16. Bxe7 Qxe7 17. Nxd5 Bxd5 18. Bf3 Qb7 19. Bxd5 Qxd5 20. Qf3 Qxf3
21. Nxf3 Rfd8 22. Rfd1 Ne4 23. Kf1 Kf8 24. Rxd8+ Rxd8 1/2-1/2

[Event "C.to Regionale Sardegna"]
[Site "Sardara ITA"]
[Date "2010.04.24"]
[Round "5"]
[White "Paulesu, Sebastiano"]
[Black "Puzzoni, Christian"]
[Result "0-1"]
[WhiteElo "1934"]
[BlackElo "2112"]
[PlyCount "112"]
[EventDate "2010.04.17"]

1. e4 e6 2. Nf3 b6 3. d4 Be7 4. Bd3 Bb7 5. O-O d5 6. e5 Nd7 7. Qe2 c5 8. c3 Qc7
9. Bf4 h6 10. Bg3 g5 11. Nfd2 h5 12. f4 h4 13. Be1 g4 14. a4 Nh6 15. Na3 a6 16.
f5 O-O-O 17. f6 Nxf6 18. exf6 Bd6 19. Bxa6 Bxh2+ 20. Kh1 h3 21. Bxb7+ Kxb7 22.
Nb5 hxg2+ 23. Qxg2 Qb8 24. a5 Bf4 25. a6+ Ka8 26. Kg1 Nf5 27. Nc4 Bh2+ 28. Kh1
Bg3+ 29. Kg1 Rh2 30. Rxf5 Rxg2+ 31. Kxg2 Bxe1 32. Rxe1 dxc4 33. d5 exf5 34. Re7
Rxd5 35. Nc7+ Qxc7 36. Rxc7 f4 37. Rxf7 Rf5 38. Rf8+ Ka7 39. Rg8 Rxf6 40. Rxg4
Kxa6 41. Kf3 Kb5 42. Rg2 Ka4 43. Rd2 Kb3 44. Re2 b5 45. Re5 Rc6 46. Re2 b4 47.
Kxf4 bxc3 48. bxc3 Kxc3 49. Re8 Rd6 50. Ke3 Rd3+ 51. Ke2 Rd5 52. Rb8 Kc2 53.
Re8 c3 54. Re7 Kb3 55. Rb7+ Kc4 56. Rb1 c2 0-1

[Event "C.to Regionale Sardegna"]
[Site "Sardara ITA"]
[Date "2010.04.24"]
[Round "5"]
[White "Toniolo, Massimo"]
[Black "Pannella, Antonello"]
[Result "1-0"]
[WhiteElo "1757"]
[BlackElo "1507"]
[PlyCount "93"]
[EventDate "2010.04.17"]

1. e4 e6 2. d4 d5 3. exd5 exd5 4. Bd3 Nc6 5. Nf3 Bg4 6. Be3 Nf6 7. h3 Be6 8.
Ng5 Qd7 9. Nxe6 Qxe6 10. O-O O-O-O 11. Nc3 Bd6 12. Qf3 Ne7 13. Rfe1 Bb4 14. Bh6
Ne4 15. Bxg7 Rhg8 16. Bf6 Qxf6 17. Bxe4 Qg5 18. Bd3 Rg7 19. Re5 Qh6 20. Nxd5
Nxd5 21. Qf5+ Kb8 22. Rxd5 Rdg8 23. Be4 Bd6 24. Rb5 b6 25. Qd5 Kc8 26. Qa8+ Kd7
27. Bf5+ Ke7 28. Qe4+ Kf6 29. Bg4 Rg5 30. Rxg5 Rxg5 31. Re1 Kg7 32. f4 Ra5 33.
a3 Bxf4 34. Rf1 Bd6 35. Qf3 f6 36. d5 Qg5 37. Be6 Qe5 38. Qg4+ Qg5 39. Qxg5+
fxg5 40. c4 h6 41. Rf3 Ra4 42. b4 Bxb4 43. axb4 Rxb4 44. Rf7+ Kg6 45. Rxc7 Rb1+
46. Kf2 a5 47. d6 1-0

[Event "C.to Regionale Sardegna"]
[Site "Sardara ITA"]
[Date "2010.04.24"]
[Round "5"]
[White "Zuccarelli, Angelo"]
[Black "Loriga, Pierpaolo"]
[Result "1/2-1/2"]
[WhiteElo "1910"]
[BlackElo "1964"]
[PlyCount "80"]
[EventDate "2010.04.17"]

1. e4 d6 2. d4 c6 3. Nf3 Nf6 4. Nc3 Bg4 5. Be2 Bxf3 6. Bxf3 Qc7 7. Be3 e5 8. d5
Nbd7 9. O-O Be7 10. Qd2 O-O 11. Rac1 a6 12. g3 c5 13. a4 Rac8 14. b3 Qa5 15.
Nb1 Qxd2 16. Nxd2 h6 17. Be2 Bd8 18. h3 Rb8 19. c4 Ba5 20. Bd3 Rfe8 21. Nf3 Kh7
22. Nh4 Ng8 23. Rc2 Ne7 24. Re2 Bc3 25. Kg2 g5 26. Nf3 Rf8 27. Rc2 Ba5 28. Nh2
Kg7 29. g4 Ng6 30. Nf3 Nf4+ 31. Bxf4 gxf4 32. Nh4 Bc7 33. Rg1 Rh8 34. Nf5+ Kf6
35. Kf3 Rbe8 36. Rcc1 Kg6 37. h4 a5 38. Rg2 Nb6 39. Rh1 Nc8 40. g5 h5 1/2-1/2

[Event "C.to Regionale Sardegna"]
[Site "Sardara ITA"]
[Date "2010.04.24"]
[Round "6"]
[White "Altea, Giovanni"]
[Black "Neri, Enzo"]
[Result "0-1"]
[WhiteElo "1839"]
[BlackElo "2059"]
[PlyCount "109"]
[EventDate "2010.04.17"]

1. c4 e6 2. Nc3 d5 3. e3 Nf6 4. Nf3 Be7 5. Be2 O-O 6. O-O c5 7. d4 cxd4 8. exd4
dxc4 9. Bxc4 a6 10. a4 Nc6 11. Bg5 Qa5 12. Qc1 Qb4 13. Ne2 Na5 14. Ba2 Nb3 15.
Bxb3 Qxb3 16. Qc3 Qd5 17. Ng3 Bd7 18. Qd2 Rfc8 19. Rfc1 Rxc1+ 20. Qxc1 Rc8 21.
Qd2 Qb3 22. Rc1 Rxc1+ 23. Qxc1 Qxa4 24. h3 Bc6 25. Ne5 Qb5 26. Nxc6 bxc6 27.
Be3 a5 28. Qc2 Nd5 29. Bc1 Nb4 30. Qd2 Nd3 31. Ne2 Nxc1 32. Nxc1 g6 33. Ne2 Qb4
34. Qxb4 axb4 35. Kf1 c5 36. dxc5 Bxc5 37. b3 Kf8 38. Ke1 Ke7 39. f3 e5 40. Kd2
Ke6 41. Kd3 Kd5 42. g4 Bf2 43. Nc1 f5 44. gxf5 gxf5 45. Na2 Bc5 46. Nc1 e4+ 47.
fxe4+ fxe4+ 48. Kd2 Ke5 49. Ne2 Kf5 50. Kc2 Kg5 51. Ng3 Kf4 52. Nh5+ Kf3 53.
Nf6 e3 54. Ng4 Bd6 55. Nh2+ 0-1

[Event "C.to Regionale Sardegna"]
[Site "Sardara ITA"]
[Date "2010.04.24"]
[Round "6"]
[White "Cherchi, Marco"]
[Black "Paulesu, Sebastiano"]
[Result "1/2-1/2"]
[WhiteElo "1807"]
[BlackElo "1934"]
[PlyCount "34"]
[EventDate "2010.04.17"]

1. d4 d5 2. c4 Nc6 3. Nc3 Nf6 4. cxd5 Nxd5 5. e4 Nxc3 6. bxc3 g6 7. Nf3 Bg7 8.
Bc4 O-O 9. Be3 Na5 10. Bd3 c5 11. h3 cxd4 12. cxd4 Nc6 13. Bc4 Qa5+ 14. Bd2 Qh5
15. Be2 Bg4 16. Be3 Rfd8 17. O-O Bxf3 1/2-1/2

[Event "C.to Regionale Sardegna"]
[Site "Sardara ITA"]
[Date "2010.04.24"]
[Round "6"]
[White "Dessy, Eugenio"]
[Black "Maldarelli, Lorenzo"]
[Result "0-1"]
[WhiteElo "1661"]
[BlackElo "1800"]
[PlyCount "64"]
[EventDate "2010.04.17"]

1. e4 c5 2. d4 cxd4 3. c3 dxc3 4. Nxc3 Nc6 5. Nf3 d6 6. Bc4 e6 7. O-O Nf6 8.
Qe2 Be7 9. Rd1 e5 10. h3 O-O 11. b4 Be6 12. Bxe6 fxe6 13. b5 Na5 14. Nxe5 Qc7
15. Ng4 Qxc3 16. Bb2 Qc4 17. Qe1 Nxg4 18. hxg4 Qxb5 19. Rab1 Qa6 20. Qc3 Bf6
21. Qc7 Bxb2 22. Rxb2 Rac8 23. Qd7 d5 24. exd5 Rcd8 25. dxe6 Rxd7 26. exd7 Rd8
27. Rbd2 Nc4 28. Re2 Kf7 29. g5 Nb6 30. Red2 Qb5 31. a4 Qxa4 32. Rd4 Rxd7 0-1

[Event "C.to Regionale Sardegna"]
[Site "Sardara ITA"]
[Date "2010.04.24"]
[Round "6"]
[White "Galluzzi, Marco"]
[Black "Murtas, Paolo"]
[Result "1-0"]
[WhiteElo "1374"]
[BlackElo "1443"]
[PlyCount "119"]
[EventDate "2010.04.17"]

1. Nf3 d5 2. d4 Nf6 3. g3 e6 4. Bg2 Be7 5. O-O O-O 6. b3 c6 7. Nbd2 Nbd7 8. Bb2
h6 9. a3 c5 10. c4 b6 11. Qc2 Bb7 12. Rfe1 Qc7 13. Rac1 Rac8 14. h3 Rfd8 15.
Nh2 cxd4 16. e3 d3 17. Qxd3 Nc5 18. Qc2 Nce4 19. Bxf6 Nxf6 20. Qb2 Qd6 21. b4
Qd7 22. Red1 dxc4 23. Nxc4 Qc7 24. Rxd8+ Rxd8 25. Na5 Rd1+ 26. Rxd1 Bxg2 27.
Rc1 Qd8 28. Nc6 Bxc6 29. Rxc6 Qd1+ 30. Nf1 Ne4 31. Qc2 Qf3 32. Rc7 Bd6 33. Rc8+
Bf8 34. Rc4 Ng5 35. Kh2 Bd6 36. Rc8+ Bf8 37. Rc7 Bd6 38. Rd7 Bf8 39. Rxa7 Ne4
40. Kg1 Ng5 41. Kh2 Ne4 42. Rc7 Nxf2 43. Kg1 Nxh3+ 44. Kh2 Qxf1 45. Qc1 Qf2+
46. Kxh3 Qf5+ 47. Kg2 Qe4+ 48. Kh2 Qf5 49. Qe1 Qh5+ 50. Kg2 Qd5+ 51. Kg1 Bd6
52. Rc8+ Bf8 53. Qf1 Qg5 54. Qf2 Qd5 55. Rc7 Qd1+ 56. Kg2 Qd5+ 57. Kg1 Qd1+ 58.
Kh2 Qh5+ 59. Kg1 Qd1+ 60. Qf1 1-0

[Event "C.to Regionale Sardegna"]
[Site "Sardara ITA"]
[Date "2010.04.24"]
[Round "6"]
[White "Locci, Damiano"]
[Black "Ibba, Isacco"]
[Result "1/2-1/2"]
[WhiteElo "2130"]
[BlackElo "2204"]
[PlyCount "58"]
[EventDate "2010.04.17"]

1. c4 e6 2. Nf3 d5 3. d4 c6 4. g3 f5 5. Bg2 Nf6 6. Nc3 Bd6 7. Bf4 Bxf4 8. gxf4
O-O 9. cxd5 exd5 10. Ne5 Ne4 11. e3 Qh4 12. Qf3 Nd7 13. Nxd7 Bxd7 14. Nxe4 fxe4
15. Qg3 Qe7 16. a3 c5 17. Rd1 c4 18. h4 c3 19. bxc3 Qxa3 20. O-O Bb5 21. Ra1
Qe7 22. Rfc1 Rf6 23. Qg5 Qf7 24. Bxe4 dxe4 25. Qxb5 Qe6 26. Kf1 Qh3+ 27. Ke1
Qh1+ 28. Kd2 Qxh4 29. Rf1 Rb6 1/2-1/2

[Event "C.to Regionale Sardegna"]
[Site "Sardara ITA"]
[Date "2010.04.24"]
[Round "6"]
[White "Loriga, Pierpaolo"]
[Black "Toniolo, Massimo"]
[Result "1/2-1/2"]
[WhiteElo "1964"]
[BlackElo "1757"]
[PlyCount "34"]
[EventDate "2010.04.17"]

1. d4 Nf6 2. Nf3 g6 3. g3 Bg7 4. Bg2 d5 5. O-O O-O 6. c3 Nbd7 7. Nbd2 c5 8. b3
cxd4 9. cxd4 e6 10. Qc2 b5 11. Ba3 Re8 12. Bd6 Bb7 13. Rfc1 Rc8 14. Qd3 Qb6 15.
Be5 Nxe5 16. Nxe5 b4 17. Qe3 Rc7 1/2-1/2

[Event "C.to Regionale Sardegna"]
[Site "Sardara ITA"]
[Date "2010.04.24"]
[Round "6"]
[White "Mallo', Danilo"]
[Black "Deruda, Leonardo"]
[Result "1-0"]
[WhiteElo "1797"]
[BlackElo "1876"]
[PlyCount "99"]
[EventDate "2010.04.17"]

1. e4 c5 2. Nf3 Nc6 3. d4 cxd4 4. Nxd4 g6 5. Be3 Nf6 6. Nc3 Bg7 7. Be2 O-O 8.
Qd2 d5 9. exd5 Nxd5 10. Nxc6 bxc6 11. Bd4 e5 12. Bc5 Re8 13. O-O Qa5 14. Ne4
Qxd2 15. Nxd2 Bf5 16. c3 Nf4 17. Ba6 Nd3 18. Ba3 e4 19. Nc4 Red8 20. Na5 Bc8
21. Bxd3 exd3 22. Nxc6 Bf5 23. Ne7+ Kh8 24. Nxf5 gxf5 25. Rad1 Rd7 26. Rd2 Rad8
27. f4 h5 28. Rf3 Kh7 29. h4 Bf6 30. g3 Kg8 31. Kf2 Bg7 32. Re3 a5 33. Re7 Rd5
34. Rc7 Bf8 35. Bxf8 Kxf8 36. c4 Rd4 37. b3 Re4 38. a4 Red4 39. Rc5 Rb8 40. Rb5
Re8 41. Re5 Rb8 42. Ke3 Rbd8 43. Rxf5 R4d6 44. Rxh5 Kg7 45. Rxa5 f6 46. Rd5
Re6+ 47. Kxd3 Rde8 48. Kc3 Re3+ 49. R5d3 R3e7 50. c5 1-0

[Event "C.to Regionale Sardegna"]
[Site "Sardara ITA"]
[Date "2010.04.24"]
[Round "6"]
[White "Marano, Daniele"]
[Black "Palmas, Alessandro"]
[Result "0-1"]
[WhiteElo "1696"]
[BlackElo "1855"]
[PlyCount "58"]
[EventDate "2010.04.17"]

1. e4 e5 2. Bc4 Nf6 3. d3 Bc5 4. Nc3 d6 5. Nf3 Nc6 6. h3 Be6 7. Nd5 h6 8. Bd2
O-O 9. Nh2 Bxd5 10. Bxd5 Nxd5 11. exd5 Ne7 12. Qf3 Ng6 13. O-O-O a5 14. Ng4 b5
15. h4 f5 16. Nxh6+ gxh6 17. Qg3 Kh7 18. Bg5 hxg5 19. hxg5+ Kg7 20. Qh3 Qxg5+
21. Kb1 Rh8 22. Qf3 Rxh1 23. Rxh1 Rh8 24. Re1 Qf4 25. Qd1 Qxf2 26. g4 f4 27.
Rf1 Qg2 28. d4 Bxd4 29. c3 Rh2 0-1

[Event "C.to Regionale Sardegna"]
[Site "Sardara ITA"]
[Date "2010.04.24"]
[Round "6"]
[White "Massa, Gianluca"]
[Black "Erriu, Giampiero"]
[Result "1/2-1/2"]
[WhiteElo "1709"]
[BlackElo "1777"]
[PlyCount "45"]
[EventDate "2010.04.17"]

1. d4 Nf6 2. c4 e5 3. dxe5 Ng4 4. Nf3 Nc6 5. Bf4 Bb4+ 6. Nc3 O-O 7. h3 Nh6 8.
Bxh6 gxh6 9. Qd2 Re8 10. a3 Bxc3 11. Qxc3 Qe7 12. e3 Nxe5 13. Nxe5 Qxe5 14.
Qxe5 Rxe5 15. Be2 d6 16. O-O Rg5 17. Kh2 Bd7 18. Bf3 c6 19. Rfd1 Rg6 20. Rf1
Rg5 21. Rfd1 Rg6 22. Rf1 Rg5 23. Rfd1 1/2-1/2

[Event "C.to Regionale Sardegna"]
[Site "Sardara ITA"]
[Date "2010.04.24"]
[Round "6"]
[White "Murtas, Gianvito"]
[Black "Murgia, Elio"]
[Result "1-0"]
[WhiteElo "1781"]
[BlackElo "1503"]
[PlyCount "37"]
[EventDate "2010.04.17"]

1. e4 e6 2. d4 d5 3. e5 c5 4. c3 Bd7 5. Nf3 Qb6 6. Bd3 Bb5 7. O-O Bxd3 8. Qxd3
Qa6 9. Qc2 Nc6 10. Be3 Nh6 11. Nbd2 Nf5 12. Nb3 b6 13. dxc5 Nxe3 14. fxe3 Bxc5
15. Nbd4 Nxd4 16. cxd4 Be7 17. Qc6+ Kd8 18. Qxa8+ Qc8 19. Qxa7 1-0

[Event "C.to Regionale Sardegna"]
[Site "Sardara ITA"]
[Date "2010.04.24"]
[Round "6"]
[White "Palmieri, Roberto"]
[Black "Zuccarelli, Angelo"]
[Result "1/2-1/2"]
[WhiteElo "1868"]
[BlackElo "1910"]
[PlyCount "118"]
[EventDate "2010.04.17"]

1. d4 d5 2. c4 e6 3. Nf3 Nf6 4. Bg5 Be7 5. Nc3 Nbd7 6. e3 h6 7. Bh4 O-O 8. Qc2
c6 9. Bd3 dxc4 10. Bxc4 b5 11. Bd3 Bb7 12. O-O a6 13. Qe2 Rc8 14. Rfd1 Re8 15.
Rac1 Nd5 16. Bg3 Nxc3 17. Rxc3 Qa5 18. a3 Qb6 19. Rdc1 c5 20. dxc5 Nxc5 21. Bb1
Bf6 22. R3c2 g6 23. Ne5 Bxe5 24. Bxe5 Nd7 25. Bc7 Qa7 26. Qd3 Nf6 27. f3 Nd5
28. Qd4 Qxd4 29. exd4 Re7 30. Bd6 Rxc2 31. Rxc2 Rd7 32. Bc5 h5 33. Kf2 Nf6 34.
Ba2 Rc7 35. Re2 Nd7 36. b4 Nf6 37. Rc2 Bd5 38. Bxd5 Nxd5 39. g3 f6 40. f4 Kf7
41. Kf3 Nb6 42. Rc3 Nc4 43. Ke2 Nb6 44. Kd3 Nd5 45. Rc2 f5 46. h3 Nf6 47. Rg2
Ke8 48. Ke3 Kd7 49. Rc2 Nd5+ 50. Kd3 Rc8 51. Kd2 h4 52. Ke2 hxg3 53. Kf3 g5 54.
fxg5 f4 55. Rc1 Ke8 56. h4 Kf7 57. h5 Rh8 58. Rh1 Rc8 59. Rc1 Rh8 1/2-1/2

[Event "C.to Regionale Sardegna"]
[Site "Sardara ITA"]
[Date "2010.04.24"]
[Round "6"]
[White "Pannella, Antonello"]
[Black "Peru, Mario"]
[Result "1/2-1/2"]
[WhiteElo "1507"]
[BlackElo "1659"]
[PlyCount "60"]
[EventDate "2010.04.17"]

1. e4 e5 2. Nf3 Nc6 3. Bb5 a6 4. Ba4 Nf6 5. Nc3 Be7 6. O-O b5 7. Bb3 d6 8. h3
O-O 9. d3 Bb7 10. Be3 Nb8 11. Re1 c5 12. a3 Qc7 13. Ba2 Nbd7 14. Ne2 Nb6 15.
Ng3 Rac8 16. Rc1 c4 17. d4 Rfd8 18. d5 Na4 19. Rb1 Nc5 20. Bxc5 Qxc5 21. c3 Qc7
22. Qe2 Rf8 23. Rbd1 Rce8 24. Rd2 Bc8 25. Red1 h6 26. Qe3 Nd7 27. Nh2 Nc5 28.
Nf3 Nd7 29. Bb1 Qc5 30. Qxc5 Nxc5 1/2-1/2